000 00539nam a2200205Ia 4500
005 20250508165541.0
008 008 250505s9999 xx 000 0 hin d
020 _a81-8143-584-2
037 _aTextual
040 _aFEDL
_beng
_cFEDL
041 _ahin
_2hin
084 _a891.438, NAM
_qFEDL
100 _aNamwar Singh
245 0 _aBaat baat mein baat
260 _aNew Delhi, India
_bVani Prakashan
_c2015
300 _a352p.
365 _aINR
_b495
942 _cTEXL
_h891.438, NAM
999 _c1395806
_d1395806